[Event "BRA-ch Regional Centro Oeste"]
[Site "Brasilia"]
[Date "2016.08.13"]
[Round "3.9"]
[White "Labussiere, Yago"]
[Black "De Moura, Lazaro Eustaquio"]
[Result "1-0"]
[WhiteElo "1635"]
[BlackElo "1690"]
[PlyCount "87"]
[EventDate "2016.08.12"]
[EventType "swiss"]
[EventRounds "6"]
[EventCountry "BRA"]
[SourceTitle "EXT 2022"]
[Source "ChessBase"]
[SourceDate "2021.10.06"]
[SourceVersion "1"]
[SourceVersionDate "2021.10.06"]
[SourceQuality "1"]

1. d4 Nf6 2. c4 g6 3. Nc3 Bg7 4. e4 d6 5. Be2 0-0 6. Nf3 e5 7. Be3 Nc6 8. d5 Ne7 9. Nd2 Ne8 10. b4 f5 11. f4 Bd7 12. c5 c6 13. Nc4 cxd5 14. Nxd5 Nc8 15. cxd6 b6 16. Ne7+ Nxe7 17. dxe7 Qxe7 18. Qd5+ Be6 19. Qxa8 Nd6 20. Qc6 Nxc4 21. Bxc4 Qxb4+ 22. Bd2 Qxc4 23. Qxc4 Bxc4 24. exf5 Rxf5 25. Bc3 Bf8 26. 0-0-0 Bxa2 27. Kb2 Bc4 28. Rhe1 e4 29. Rxe4 Rb5+ 30. Kc1 Ba3+ 31. Kd2 Rd5+ 32. Rd4 Rxd4+ 33. Bxd4 Bb4+ 34. Bc3 Bc5 35. Kc2 Be6 36. Bd4 Bb4 37. Ra1 Ba5 38. Bc3 Bf5+ 39. Kb2 Bd3 40. Bxa5 bxa5 41. Rxa5 Bf1 42. g3 Be2 43. f5 Kg7 44. Rxa7+ 1-0

[Event "Brasilia Viva Caissa op"]
[Site "Brasilia"]
[Date "2013.05.25"]
[Round "3"]
[White "Abrantes, Tiago Garrido"]
[Black "De Moura, Lazaro Eustaquio"]
[Result "1-0"]
[WhiteElo "2161"]
[BlackElo "1800"]
[PlyCount "109"]
[EventDate "2013.05.24"]
[EventType "swiss"]
[EventRounds "5"]
[EventCountry "BRA"]
[SourceTitle "CBM 154 Extra"]
[Source "ChessBase"]
[SourceDate "2013.06.25"]
[SourceVersion "2"]
[SourceVersionDate "2013.06.25"]
[SourceQuality "1"]

1. e4 c5 2. Nf3 d6 3. Bb5+ Bd7 4. Bxd7+ Qxd7 5. 0-0 Nf6 6. d3 g6 7. Nc3 Bg7 8. Rb1 Nc6 9. a3 0-0 10. b4 b6 11. h3 Rfd8 12. b5 Na5 13. Nh2 Nb7 14. Bd2 e5 15. Ng4 Nxg4 16. hxg4 f5 17. gxf5 gxf5 18. exf5 Qxf5 19. Nd5 Rd7 20. Qe2 Rf8 21. c4 Nd8 22. f4 Ne6 23. fxe5 Nd4 24. Qe3 Qxe5 25. Rxf8+ Kxf8 26. Rf1+ Rf7 27. Qxe5 Bxe5 28. Rxf7+ Kxf7 29. Kf2 Bf6 30. Bc3 Be5 31. Bxd4 Bxd4+ 32. Kf3 Be5 33. a4 Ke6 34. g4 Bb2 35. Ke4 Be5 36. Nc7+ Kd7 37. Na6 Ke6 38. Nb8 Kf6 39. Nc6 Kg5 40. Kf3 Bc3 41. Nxa7 Kf6 42. Nc8 Ba5 43. Nxd6 Ke5 44. Ne4 Kd4 45. Ke2 Bb4 46. Nf6 h6 47. Ng8 h5 48. gxh5 Kc3 49. Nf6 Kb3 50. Nd5 Kxa4 51. h6 Ba3 52. Kd2 Bb2 53. Nxb6+ Ka5 54. Nd5 Be5 55. Ke3 1-0

[Event "Brasilia Nascimento op"]
[Site "Brasilia"]
[Date "2013.04.20"]
[Round "2"]
[White "Arruda Filho, Ivo Pereira de"]
[Black "De Moura, Lazaro Eustaquio"]
[Result "1-0"]
[WhiteElo "1795"]
[BlackElo "1800"]
[PlyCount "153"]
[EventDate "2013.04.19"]
[EventType "swiss"]
[EventRounds "5"]
[EventCountry "BRA"]
[SourceTitle "EXT 2015"]
[Source "ChessBase"]
[SourceDate "2014.11.20"]
[SourceVersion "1"]
[SourceVersionDate "2014.11.20"]
[SourceQuality "1"]

1. Nf3 Nf6 2. d4 g6 3. e3 Bg7 4. Bd3 c5 5. c4 cxd4 6. exd4 d6 7. 0-0 0-0 8. Nc3 Nc6 9. Re1 Re8 10. a3 b6 11. d5 Na5 12. Qc2 Nb7 13. Be3 Nc5 14. Be2 Bf5 15. Qd1 Nfe4 16. Nxe4 Nxe4 17. Nd4 Bd7 18. Bf3 Nf6 19. b4 Rc8 20. Rc1 Rc7 21. b5 Qc8 22. Nc6 Bxc6 23. dxc6 Rd8 24. Qb3 Ng4 25. Bg5 Nf6 26. Qc2 Re8 27. Rcd1 Ng4 28. h3 Nf6 29. Qe2 Qf5 30. Bh4 Qc5 31. Qd3 Kf8 32. Bg3 Nh5 33. Bh2 Qg5 34. Qe4 Nf6 35. Qe2 Qc5 36. Qd3 Nh5 37. g4 Nf6 38. Bf4 Rec8 39. Be3 Qe5 40. Bxb6 Qg5 41. Bxc7 Rxc7 42. Qe3 Qh4 43. Bg2 Ne8 44. b6 axb6 45. Qxb6 h5 46. Re4 hxg4 47. Rxg4 Qf6 48. Qb3 Qf5 49. Qf3 Qc2 50. Qd3 Qa4 51. c5 Qa5 52. cxd6 Nxd6 53. Rb4 Bf6 54. Rdb1 Kg7 55. a4 Kh6 56. Qe3+ Kg7 57. Qb6 Qa7 58. Qxa7 Rxa7 59. Rd1 Rc7 60. Rdb1 Bc3 61. Rb7 Ba5 62. Rxc7 Bxc7 63. Bf1 Kf6 64. Re1 Ba5 65. Re2 Bc7 66. Re3 Ba5 67. Bb5 Nf5 68. Rd3 Nd6 69. Kg2 Ke5 70. Kf3 Kf5 71. Rd5+ Ke6 72. Rc5 Bb6 73. Rc1 Bc7 74. Ba6 Ke5 75. Bb7 Kf5 76. a5 Bxa5 77. Rc5+ 1-0